000
00333nam a2200133 a 4500
005
20140414131856.0
008
100828s19uu xx 00 eng d
050
_a
FIL
_b
It4 2008
100
_a
Vizcarra, Natasha
245
_a
Ang itim ng kuting.
260
_a
Manila, Philippines :
_b
Adarna,
_c
2008.
440
_a
999
_c
110464
_d
110464